000 00560nam a2200205 a 4500
005 20140310183227.0
008 021129s19uu xx 00 eng d
020 _a0345309006
050 _aPS 3551.S5
_b.As832 1983
100 _aAsimov, Isaac
245 _aFoundation and empire /
_cIsaac Asimov.
260 _aNew York :
_bBallantine Books,
_c1983.
300 _a234 p. :
_c17 cm.
440 _aThe classic foundation series
500 _a"A Dell Rey Book"
650 _aFantasy.
650 _aScience fiction.
942 _cBK
_2lcc
999 _c20434
_d20434